Understanding organizations: theories and images (Record no. 78476)

MARC details
000 -LEADER
fixed length control field 01257nam a2200217 a 4500
008 - FIXED-LENGTH DATA ELEMENTS--GENERAL INFORMATION
fixed length control field 150421s2013 ||||||||||||||||| || u
020 ## - INTERNATIONAL STANDARD BOOK NUMBER
International Standard Book Number 9781849207416
050 ## - LIBRARY OF CONGRESS CALL NUMBER
Classification number HD 31 Udo
100 ## - MAIN ENTRY--PERSONAL NAME
Personal name Udo, Staber
245 10 - TITLE STATEMENT
Title Understanding organizations: theories and images
Statement of responsibility, etc. By Udo Staber
260 ## - PUBLICATION, DISTRIBUTION, ETC.
Place of publication, distribution, etc. Los Angeles
Name of publisher, distributor, etc. SAGE Publications
Date of publication, distribution, etc. 2013
300 ## - PHYSICAL DESCRIPTION
Extent vii, 268p.
350 ## -
-- 55.06
650 #0 - SUBJECT ADDED ENTRY--TOPICAL TERM
Topical term or geographic name entry element MANAGEMENT
650 ## - SUBJECT ADDED ENTRY--TOPICAL TERM
Topical term or geographic name entry element ORGANIZATION
995 ## -
-- ANNEX COLLECTION (Main Library)
-- 745027
-- CBU-MAIN LIBRARY (Kitwe)
-- 55.06
-- HD 31 Udo
-- 2
-- AVAILABLE
-- Apr 25, 2015
-- 745027
-- Annex Low-Usage Collection
995 ## -
-- MAIN LIBRARY OPEN ACCESS
-- 745026
-- CBU-MAIN LIBRARY (Kitwe)
-- 55.06
-- HD 31 Udo
-- 1
-- AVAILABLE
-- Apr 25, 2015
-- 745026
-- Main Library Open Access Collection
995 ## -
-- ANNEX COLLECTION (Main Library)
-- 745030
-- CBU-MAIN LIBRARY (Kitwe)
-- 55.06
-- HD 31 Udo
-- 5
-- AVAILABLE
-- Apr 25, 2015
-- 745030
-- Annex Low-Usage Collection
995 ## -
-- MAIN LIBRARY OPEN ACCESS
-- 745029
-- CBU-MAIN LIBRARY (Kitwe)
-- 55.06
-- HD 31 Udo
-- 4
-- AVAILABLE
-- Apr 25, 2015
-- 745029
-- Main Library Open Access Collection
995 ## -
-- ANNEX COLLECTION (Main Library)
-- 745028
-- CBU-MAIN LIBRARY (Kitwe)
-- 55.06
-- HD 31 Udo
-- 3
-- AVAILABLE
-- Apr 25, 2015
-- 745028
-- Annex Low-Usage Collection
999 ## -
-- 78476
-- 78476
Holdings
Withdrawn status Lost status Source of classification or shelving scheme Damaged status Not for loan Permanent Location Current Location Shelving location Date acquired Total Checkouts Full call number Barcode Date last seen Copy number Price effective from Koha item type
          CBU-MAIN LIBRARY, KITWE. CBU-MAIN LIBRARY, KITWE.   05/17/2023   HD 31 Udo 745027 05/17/2023 1 05/17/2023 MONOGRAPH
          CBU-MAIN LIBRARY, KITWE. CBU-MAIN LIBRARY, KITWE.   05/17/2023   HD 31 Udo 745026 05/17/2023 2 05/17/2023 MONOGRAPH
          CBU-MAIN LIBRARY, KITWE. CBU-MAIN LIBRARY, KITWE.   05/17/2023   HD 31 Udo 745030 05/17/2023 3 05/17/2023 MONOGRAPH
          CBU-MAIN LIBRARY, KITWE. CBU-MAIN LIBRARY, KITWE.   05/17/2023   HD 31 Udo 745029 05/17/2023 4 05/17/2023 MONOGRAPH
          CBU-MAIN LIBRARY, KITWE. CBU-MAIN LIBRARY, KITWE.   05/17/2023   HD 31 Udo 745028 05/17/2023 5 05/17/2023 MONOGRAPH